Szczegóły MARC21

Repetitorium Statistik : deskriptive Statistik, Stochastik, Induktive Statistik /

005 -DATA I CZAS OSTATNIEJ MODYFIKACJI [,]
    • @
    • pole kontrolne
    • 20070315155141.9
020 -Międzynarod. znormalizowany nr książki - ISBN [ , ]
    • a
    • Numer ISBN
    • 3409420991 Find
040 -Instytucja sporządzająca opis [ , ]
    • a
    • Instytucja, która sporządziła opis (NP)
    • SZCZ U
    • c
    • Instytucja, która sporządziła rekord (NP)
    • SZCZ U
041 -Język dokumentu [0, ]
    • a
    • Język tekstu (P)
    • niemiecki
    • h
    • Język tekstu oryginalnego i/lub pośredniego (P)
    • niemiecki
942 -Rodzaj dokumentu [ , ]
    • c
    • Rodzaj dokumentu
    • Książka
100 -Hasło główne - nazwa osobowa [ , ]
    • a
    • Nazwa osobowa (NP)
    • ECKSTEIN, PETER P.
245 -Strefa tytułu i oznaczenia odpowiedzialności [1, ]
    • a
    • Tytuł
    • Repetitorium Statistik : Find
    • b
    • Ciąg dalszy tytułu (NP)
    • deskriptive Statistik, Stochastik, Induktive Statistik / Find
    • c
    • Pozostałe elementy strefy tytułu i oznaczenia odpowiedzialności (NP)
    • Peter P.Eckstein.
250 -Strefa wydania [ , ]
    • a
    • Oznaczenie wydania (NP)
    • 4., vollst.überarb.u.erw.Aufl.
260 -Strefa adresu wydawniczego [ , ]
    • a
    • Miejsce wydania (P)
    • Wiesbaden :
    • b
    • Nazwa wydawcy (P)
    • Gabler,
    • c
    • Data wydania (P)
    • 2001.
300 -Strefa opisu fizycznego [ , ]
    • a
    • Określenie formy książki i/lub objętość (NP)
    • X,370 s. :
    • c
    • Format (NP)
    • 24 cm.
500 -Uwaga ogólna [ , ]
    • a
    • Uwaga ogólna (NP)
    • Ind
080 -Uniwersalna Klasyfikacja Dziesiętna [ , ]
    • a
    • Symbol klasyfikacji
    • 519.2(075.8)=30
980 -Symbol UKD [ , ]
    • a
    • UKD
    • 519.2(075.8)=30
920 -ISBN [ , ]
    • a
    • ISBN
    • 3-409-42099-1 Find
Sygnatura Data inwentaryzacji Lokalizacja Numer inwentarzowy Status udost.
FUNDACJA POLSKO-NIEMIECKA2001-12-17BES.88823-2